Datum a čas kvízu
34.5
Celkem bodů
Celkový počet nahraných bodů na tomto kvízu bez doplňovacích otázek.
7.
Pořadí na kvízu
Konečné umístění týmu na tomto kvízu.
Zaznamenané odpovědi
| # | Otázka | Odpověď | Body | Výsledky |
|---|---|---|---|---|
| 1. | Zubní lékařka Mariam Szyja z K... | prodávala na netu své erotické fotografie | 1 | |
| 2. | Princezna Martha Louise se v s... | v Norsku | 0 | |
| 3. | Kapela Lucie v sobotu odehrála... | Bezděz | 1 | |
| 4. | Česká pošta oznámila, že od ří... | Balíkovna | 1 | |
| 5. | Fotbalisté Sparty Praha se po... | Lukáš Haraslín | 1 | |
| 6. | Téma začneme stavbou, které mn... | Václav Aulický | 0 | |
| 7. | Žebříčků hodnotících nejoškliv... | jako hotel | 0 | |
| 8. | Pravděpodobně druhá největší a... | Palác Parlamentu (Palác lidu, Dům národů), Bukurešť | 0 | |
| 9. | I Slovensko má svého zástupce... | Martina Šimkovičová | 0 | |
| 10. | V této londýnské budově sídlí... | MI6 | 1 |